Informatics and nursing : (رقم التسجيلة. 85788)

تفاصيل مارك
000 -الفاتح
حقل البيانات ثابتة الطول 03359cam a2200469 a 4500
001 - رقم الضبط
رقم الضبط 733916556
003 - محدد رقم الضبط
رقم الضبط OCoLC
005 - وقت وتاريخ اخر تعامل مع التسجيلة
رقم الضبط 20240910135753.0
007 - الحقل الثابت للوصف المادى- معلومات عامة
حقل البيانات ثابتة الطول ta
008 - عناصر البيانات ثابتة الطول - معلومات عامة
حقل البيانات ثابتة الطول 110623s2013 paua b 001 0 eng
010 ## - رقم ضبط مكتبة الكونجرس
رقم ضبط مكتبة الكونجرس 2011027051
015 ## - رقم الببليوجرافية الوطنية
رقم الببليوجرافية الوطنية GBB1C8878
المصدر bnb
020 ## - الرقم الدولى المعيارى للكتب
الرقم الدولى المعيارى للكتاب 9781975102081
Qualifying information (pbk.)
020 ## - الرقم الدولى المعيارى للكتب
الرقم الدولى المعيارى للكتاب 1609136950
Qualifying information (pbk.)
035 ## - رقم ضبط النظام
رقم ضبط النظام (OCoLC)733916556
رقم الضبط الملغى والمتاح (OCoLC)759179523
-- (OCoLC)782205544
-- (OCoLC)817317476
-- (OCoLC)880307932
040 ## - مصدر الفهرسة
وكالة الفهرسة الأصلية DNLM/DLC
لغة الفهرسة eng
وكالة النسخ DLC
وكالة التعديل NLM
-- YDXCP
-- OKN
-- CDX
-- BWX
-- BTCTA
-- SHH
-- VET
-- UKMGB
-- SGB
-- OCLCF
-- SDB
-- OCLCQ
-- MYUKM
-- PHUST
-- OCLCO
-- OCLCQ
-- OCLCA
-- PBF
-- OCLCA
-- MNS
-- OCLCQ
-- XO2
-- OCLCQ
-- OCLCO
-- OCL
-- OCLCO
042 ## - رمز التحقق
رمز التحقق pcc
050 00 - رقم طلب مكتبة الكونجرس
رقم التصنيف RT50.5
رقم المادة .T483 2013
060 00 - رقم الطلب بالمكتبة الطبية الوطنية
رقم التصنيف 2012 D-144
060 10 - رقم الطلب بالمكتبة الطبية الوطنية
رقم التصنيف WY 26.5
082 00 - رقم تصنيف ديوى العشرى
رقم التصنيف 610.73
رقم الطبعة 23
رقم المادة S J I
100 1# - المدخل الرئيسى - إسم شخصى
الإسم الشخصى Sewell, Jeanne P
9 (RLIN) 52234
245 10 - بيان العنوان
العنوان Informatics and nursing :
بقية العنوان opportunities and challenges /
بيان المسئوليه,etc Jeanne P. Sewell, Linda Q. Thede
250 ## - بيان الطبعة
بيان الطبعة 6th ed
260 ## - PUBLICATION, DISTRIBUTION, ETC. (IMPRINT)
مكان الناشر او الموزع Philadelphia :
اسم الناشر او الموزع Wolters Kluwer Health/Lippincott Williams & Wilkins,
تاريخ النشر أو التوزيع ℗♭2013
300 ## - الوصف المادى
التعداد xii, 458 pages :
تفاصيل ماديه اخرى للوعاء illustrations ;
أبعاد الوعاء 23 cm
500 ## - تبصرة عامة
تبصرة عامة Revised edition of: Informatics and nursing / Linda Q. Thede, Jeanne P. Sewell. 3rd ed. c2010
504 ## - تبصرة ببليوجرافية
تبصرة ببليوجرافية,الخ Includes bibliographical references and index
505 0# - تبصرة محتويات-الفهرس
تبصرة المحتويات المصاغة Introduction to nursing informatics : managing healthcare information -- Software : information management -- Understanding computer concepts : common features -- Computer networks -- Professional networking -- Word processing -- Presentation software : looking professional in the spotlight -- Spreadsheets : making numbers talk -- Databases : creating information from data -- The internet : a road to health evidence-based -- Practice information -- Finding knowledge in the digital library haystack -- Mobile computing : finding knowledge in the palm -- Of your hand -- The consumer and the electronic health record -- The empowered consumer -- Interoperability at the international and national level -- Nursing documentation : is it valuable? -- The informatics discipline -- Basic electronic healthcare information systems -- Specialized electronic healthcare information systems -- Electronic healthcare system issues -- Carrying healthcare to the client -- Educational informatics : e-learning -- Administration tools for efficiency -- Informatics and research -- Legal and ethical issues
520 ## - التبصرة الخاصة بالتعليق أو التلخيص
ملخص,الخ This comprehensive text reviews the concepts and applications of nursing informatics. Starting with an introduction to nursing informatics, the contents proceed from Unit One which covers computer basics to Unit Five which examines skills and techniques for using the end product of informatics: data. Other units review the effects that the Internet is having on healthcare, the ins and outs of using personal productivity software, and informatics in the clinical area. - Publisher
650 #0 - المدخل الاضافى بالموضوع-مصطلح موضوعى
مصطلح موضوعي أو اسم جغرافي كعنصر مدخل Nursing informatics
9 (RLIN) 117116
650 #0 - المدخل الاضافى بالموضوع-مصطلح موضوعى
مصطلح موضوعي أو اسم جغرافي كعنصر مدخل Nursing
التقسيم الفرعي العام Data processing
9 (RLIN) 117117
650 #0 - المدخل الاضافى بالموضوع-مصطلح موضوعى
مصطلح موضوعي أو اسم جغرافي كعنصر مدخل Computers
9 (RLIN) 117118
650 #0 - المدخل الاضافى بالموضوع-مصطلح موضوعى
مصطلح موضوعي أو اسم جغرافي كعنصر مدخل Electronic digital computers
9 (RLIN) 75427
650 12 - المدخل الاضافى بالموضوع-مصطلح موضوعى
مصطلح موضوعي أو اسم جغرافي كعنصر مدخل Nursing Informatics
9 (RLIN) 117119
650 22 - المدخل الاضافى بالموضوع-مصطلح موضوعى
مصطلح موضوعي أو اسم جغرافي كعنصر مدخل Computers
9 (RLIN) 117118
650 22 - المدخل الاضافى بالموضوع-مصطلح موضوعى
مصطلح موضوعي أو اسم جغرافي كعنصر مدخل Internet
9 (RLIN) 117120
650 22 - المدخل الاضافى بالموضوع-مصطلح موضوعى
مصطلح موضوعي أو اسم جغرافي كعنصر مدخل Medical Records Systems, Computerized
9 (RLIN) 13791
700 1# - المدخل الاضافى - اسم شخصى
الإسم الشخصى Thede, Linda Q
9 (RLIN) 23024
700 1# - المدخل الاضافى - اسم شخصى
الإسم الشخصى Thede, Linda Q.
عنوان العمل Informatics and nursing
9 (RLIN) 52237
942 ## - عناصر المدخل الإضافي( كوها)
مصدر التصنيف او مخطط الترفيف Dewey Decimal Classification
Koha [default] item type كتاب

لا توجد مواد متاحة.